[Event "Mechanics' Fall TNM; 30/90, SD/30"]
[Site "San Francisco"]
[Date "2009.12.01"]
[Round "7.2"]
[White "Fuentes, Romulo"]
[Black "Sandberg, Evan"]
[Result "0-1"]
[WhiteElo "2163"]
[BlackElo "2095"]
[PlyCount "98"]
[EventDate "2009.??.??"]

1. e4 c5 2. Nf3 Nc6 3. d4 cxd4 4. Nxd4 Nf6 5. Nc3 e5 6. Ndb5 d6 7. Bg5 a6 8.
Bxf6 gxf6 9. Na3 b5 10. Nd5 Bg7 11. Bd3 Ne7 12. Nxe7 Qxe7 13. c4 f5 14. O-O O-O
15. Qh5 bxc4 16. Nxc4 Rb8 17. exf5 e4 18. Rae1 d5 19. Ne3 exd3 20. Nxd5 Qd6 21.
f6 Bxf6 22. Re3 Bg7 23. Rxd3 Bb7 24. Rfd1 Bxd5 25. Rxd5 Qg6 26. b3 Qxh5 27.
Rxh5 Rfd8 28. Rxd8+ Rxd8 29. g3 Bc3 30. Rc5 Bb4 31. Rg5+ Kf8 32. a3 Bd2 33. Rh5
Rd3 34. Rxh7 Rxb3 35. a4 Rb4 36. Rh8+ Kg7 37. Rd8 Bc3 38. Rd3 Bd4 39. a5 Bc5
40. Rd5 Rb5 41. Kg2 Rxa5 42. f4 Bb6 43. Rd6 Rb5 44. h4 a5 45. h5 a4 46. g4 a3
47. Rd1 a2 48. Ra1 Ra5 49. g5 Bd4 0-1

[Event "Mechanics' Wilkerson Mem TNM; 30/90, SD"]
[Site "San Francisco"]
[Date "2009.09.22"]
[Round "8.5"]
[White "Fuentes, Romulo"]
[Black "Shin, Kyle"]
[Result "0-1"]
[WhiteElo "2121"]
[BlackElo "1956"]
[PlyCount "122"]
[EventDate "2009.??.??"]

1. e4 e6 2. d4 d5 3. Nc3 Bb4 4. e5 c5 5. a3 Bxc3+ 6. bxc3 Ne7 7. Qg4 Qc7 8.
Qxg7 Rg8 9. Qxh7 cxd4 10. Ne2 Nbc6 11. f4 dxc3 12. Qd3 Bd7 13. Rg1 O-O-O 14. g4
Na5 15. Qxc3 Nc4 16. Nd4 Nf5 17. Bxc4 dxc4 18. Nxf5 exf5 19. g5 Rh8 20. h3 Qc5
21. Qe3 Qxe3+ 22. Bxe3 Rxh3 23. Bxa7 Ba4 24. Bc5 Rd5 25. Bb4 Bxc2 26. Rc1 Bd3
27. Kf2 Rh4 28. Ke3 Rh3+ 29. Kf2 Rd4 30. Rg3 Rxf4+ 31. Ke3 Re4+ 32. Kf3 Be2+
33. Kg2 Rxg3+ 34. Kxg3 Bd3 35. Re1 Rg4+ 36. Kf3 Rxg5 37. e6 Be4+ 38. Kf4 Rg4+
39. Ke5 fxe6 40. Kxe6 Kc7 41. Rd1 Bd3 42. Rh1 Kc6 43. Rh6 Kb5 44. Rh7 Be4 45.
Ke5 Ka4 46. Rh3 Rg1 47. Bc5 Rd1 48. Bb4 Rd3 49. Rxd3 Bxd3 50. Bd6 Kb3 51. Kd4
b5 52. Ke3 Be4 53. Kd2 c3+ 54. Kc1 Bd3 55. Be5 f4 56. Bxf4 Kxa3 57. Be5 b4 58.
Bf6 Kb3 59. Be7 Kc4 60. Bf8 b3 61. Ba3 Be4 0-1

[Event "Mechanics' Summer TNM; 30/90, SD/30"]
[Site "San Francisco"]
[Date "2009.06.09"]
[Round "3.4"]
[White "Fuentes, Romulo"]
[Black "Todortsev, Victor"]
[Result "1-0"]
[WhiteElo "2093"]
[BlackElo "1936"]
[PlyCount "79"]
[EventDate "2009.??.??"]

1. e4 c5 2. Nf3 Nc6 3. d4 cxd4 4. Nxd4 Nf6 5. Nc3 e6 6. Ndb5 d6 7. Bf4 e5 8.
Bg5 a6 9. Bxf6 gxf6 10. Na3 b5 11. Nd5 Bg7 12. Bd3 O-O 13. O-O Ne7 14. Nxe7+
Qxe7 15. Qh5 Kh8 16. c4 Rg8 17. cxb5 axb5 18. Nxb5 Bb7 19. Nc3 f5 20. Qxf5 Qh4
21. g3 Qh6 22. Rad1 Raf8 23. Nd5 Bc8 24. Qf3 Qg5 25. Ne3 Bh3 26. Rfe1 h5 27.
Bf1 Be6 28. Rxd6 h4 29. a4 Bh6 30. Nf5 Rg6 31. Red1 hxg3 32. hxg3 Rfg8 33. Bg2
Bf8 34. Rd8 Bc5 35. Rxg8+ Rxg8 36. Qc3 Bxf5 37. Qxe5+ f6 38. Qxc5 Qg4 39. Qd4
Be6 40. Qxf6+ 1-0

[Event "Mechanics' Fall TNM; 30/90, SD/30"]
[Site "San Francisco"]
[Date "2009.12.15"]
[Round "9.3"]
[White "Fuentes, Romulo"]
[Black "Wong, Russell"]
[Result "1-0"]
[WhiteElo "2163"]
[BlackElo "2200"]
[PlyCount "73"]
[EventDate "2009.??.??"]

1. e4 Nf6 2. Bc4 Nxe4 3. Bxf7+ Kxf7 4. Qh5+ g6 5. Qd5+ e6 6. Qxe4 d5 7. Qf4+
Kg8 8. Nf3 Bd6 9. Qe3 h6 10. d4 Nc6 11. a3 Qf6 12. Nc3 Bd7 13. Nb5 Nb4 14. axb4
Bxb5 15. Bd2 g5 16. Ne5 Bxe5 17. dxe5 Qf5 18. O-O-O b6 19. h4 g4 20. f3 h5 21.
fxg4 hxg4 22. Qg5+ Qxg5 23. Bxg5 Rf8 24. Bf6 Rh7 25. Rd4 g3 26. Rg4+ Kf7 27.
Rxg3 Be2 28. Kd2 Bb5 29. h5 Rg8 30. Rxg8 Kxg8 31. h6 c5 32. bxc5 bxc5 33. Bg7
Kf7 34. Rh4 Kg6 35. Rf4 Kg5 36. Rf6 Bd7 37. Rf7 1-0

[Event "Mechanics' Wilkerson Mem TNM; 30/90, SD"]
[Site "San Francisco"]
[Date "2009.09.01"]
[Round "5.1"]
[White "Fuentes, Romulo"]
[Black "Wong, Russell"]
[Result "0-1"]
[WhiteElo "2121"]
[BlackElo "2200"]
[PlyCount "60"]
[EventDate "2009.??.??"]

1. e4 Nf6 2. e5 Nd5 3. Nc3 Nxc3 4. bxc3 d5 5. d4 e6 6. f4 c5 7. Nf3 Nc6 8. Be3
Qa5 9. Qd2 c4 10. a4 b5 11. Kf2 b4 12. cxb4 Bxb4 13. Qd1 Bc3 14. Bd2 Bxd2 15.
Nxd2 Qc3 16. Nf3 Rb8 17. h4 Rb2 18. Rc1 O-O 19. Rh3 f6 20. Kg1 Qe3+ 21. Kh1
Qxf4 22. exf6 Rxf6 23. c3 e5 24. dxe5 Nxe5 25. Qxd5+ Be6 26. Qxe5 Qxc1 27. Rg3
Qxf1+ 28. Kh2 Rxg2+ 29. Rxg2 Qxf3 30. Qb8+ Rf8 0-1

[Event "Mechanics' Summer TNM; 30/90, SD/30"]
[Site "San Francisco"]
[Date "2009.06.30"]
[Round "6.2"]
[White "Fuentes, Romulo"]
[Black "Wong, Russell"]
[Result "1-0"]
[WhiteElo "2093"]
[BlackElo "2200"]
[PlyCount "43"]
[EventDate "2009.??.??"]

1. e4 Nf6 2. Bc4 d5 3. exd5 Nxd5 4. Nc3 Nb6 5. Bb3 Nc6 6. Nf3 Bf5 7. d4 e6 8.
Bg5 Be7 9. Bxe7 Qxe7 10. Qe2 O-O-O 11. O-O-O Qf6 12. Qe3 Rhe8 13. Ne5 Nd5 14.
Bxd5 exd5 15. f4 Qd6 16. Qd2 Na5 17. Na4 Qa6 18. Nc5 Qb6 19. b4 Bxc2 $4 20.
Kxc2 Nc4 21. Nxc4 dxc4 22. Rhe1 {
Both scoresheets become unreadable at this point.} 1-0

[Event "Mechanics' Wilkerson Mem TNM; 30/90, SD"]
[Site "San Francisco"]
[Date "2009.09.29"]
[Round "9.9"]
[White "Gaffagan, Steven"]
[Black "Bultman, Charles"]
[Result "1-0"]
[WhiteElo "2026"]
[BlackElo "1721"]
[PlyCount "53"]
[EventDate "2009.??.??"]

1. e4 c5 2. Nf3 d6 3. c3 Nf6 4. Be2 g6 5. Qc2 Bg7 6. d4 O-O 7. O-O Nc6 8. d5
Ne5 9. Nxe5 dxe5 10. Be3 Qc7 11. a4 b6 12. c4 Bb7 13. Nc3 Rac8 14. Ra3 Rfd8 15.
f4 exf4 16. Bxf4 Qd7 17. e5 Ng4 18. e6 Bd4+ 19. Kh1 Nf2+ 20. Rxf2 fxe6 21. Bg4
Bxc3 22. Rxc3 Bxd5 23. cxd5 Qxd5 24. Rd2 Qa2 25. h4 Rxd2 26. Qxd2 Rf8 27. Qe3
1-0

[Event "Mechanics' Winter TNM; 30/90, SD/30"]
[Site "San Francisco"]
[Date "2009.01.20"]
[Round "3.4"]
[White "Gaffagan, Steven"]
[Black "Chirila, Sergiu"]
[Result "1-0"]
[WhiteElo "2037"]
[BlackElo "1734"]
[PlyCount "71"]
[EventDate "2009.??.??"]

1. e4 e5 2. Nf3 Nf6 3. Nxe5 d6 4. Nf3 Nxe4 5. Nc3 Nxc3 6. dxc3 Nc6 7. Bf4 Bg4
8. Qd2 Qe7+ 9. Be2 Bxf3 10. gxf3 O-O-O 11. O-O-O g6 12. Bg5 f6 13. Be3 Qe6 14.
Kb1 Kb8 15. f4 Bg7 16. Bf3 Ne7 17. Qd4 Nc8 18. Rhe1 Qd7 19. Qb4 c6 20. Rd3 Rhe8
21. Red1 f5 22. c4 Qe7 23. Ra3 c5 24. Qa4 Qd7 25. Qa5 b6 26. Qa6 Qc7 27. Rb3
Rd7 28. a4 Ree7 29. Rdd3 Qd8 30. Bd5 Qc7 31. Bd2 Bd4 32. a5 Qd8 33. axb6 Nxb6
34. Rxb6+ axb6 35. Qa8+ Kc7 36. Qb7# 1-0

[Event "Mechanics' Winter TNM; 30/90, SD/30"]
[Site "San Francisco"]
[Date "2009.02.03"]
[Round "5.5"]
[White "Gaffagan, Steven"]
[Black "Drane, Robert"]
[Result "1-0"]
[WhiteElo "2037"]
[BlackElo "1857"]
[PlyCount "107"]
[EventDate "2009.??.??"]

1. c4 f5 2. Nc3 Nf6 3. g3 g6 4. Bg2 Bg7 5. d3 d6 6. e3 c6 7. Nge2 Qc7 8. Rb1 a5
9. a3 O-O 10. O-O e5 11. Bd2 Be6 12. b4 d5 13. cxd5 cxd5 14. Nb5 Qd7 15. bxa5
Na6 16. Bc3 Nh5 17. f4 e4 18. d4 Rf7 19. Qd2 Bf8 20. Rb3 Nf6 21. Rfb1 Qe8 22.
Bf1 Bd7 23. Nc1 Bc6 24. Be2 Qd7 25. Na2 Ne8 26. a4 Nd6 27. Nxd6 Bxd6 28. Bb5
Qc8 29. Qb2 Ra7 30. Bd2 h6 31. Rc3 Rc7 32. Rbc1 Nb8 33. R3c2 Na6 34. Qb3 Kg7
35. Nb4 Bxb4 36. Bxb4 Qd7 37. Ba3 Nb8 38. Bc5 Ra8 39. Bb6 Rc8 40. Rc3 Na6 41.
Kh1 Kf6 42. Qb2 Qd6 43. Rb1 Nb8 44. Bc5 Qd7 45. Bb6 Ke6 46. Rbc1 Kf6 47. Qe2 h5
48. h3 Qe8 49. Qf1 Na6 50. Rxc6+ Rxc6 51. Rxc6+ bxc6 52. Bxa6 c5 53. Bb5 Qh8
54. dxc5 1-0

[Event "Mechanics' Wilkerson Mem TNM; 30/90, SD"]
[Site "San Francisco"]
[Date "2009.08.18"]
[Round "3.1"]
[White "Gaffagan, Steven"]
[Black "Fuentes, Romulo"]
[Result "0-1"]
[WhiteElo "2026"]
[BlackElo "2121"]
[PlyCount "108"]
[EventDate "2009.??.??"]

1. Nf3 c5 2. c4 Nf6 3. Nc3 Nc6 4. g3 d5 5. cxd5 Nxd5 6. Bg2 Nc7 7. d3 e5 8. O-O
Be7 9. Be3 O-O 10. Rc1 Be6 11. b3 Qd7 12. Re1 f5 13. Bg5 Rad8 14. Bxe7 Qxe7 15.
Nd2 Nd5 16. Nxd5 Bxd5 17. Qc2 Bxg2 18. Kxg2 b6 19. Nc4 f4 20. Nd2 Nd4 21. Qc4+
Kh8 22. Kg1 fxg3 23. hxg3 Qg5 24. Nf3 Nxf3+ 25. exf3 Rxf3 26. Qe4 Rf5 27. Rc2
h5 28. Rce2 Rd4 29. Qa8+ Kh7 30. Re3 Rdf4 31. R3e2 Rf3 32. Qe4 h4 33. Qxh4+
Qxh4 34. gxh4 Rxd3 35. Re4 Rd2 36. R1e2 Rxe2 37. Rxe2 Kg6 38. Kg2 Kf6 39. Rd2
Rf4 40. Rd7 Rxh4 41. Rxa7 Rb4 42. f3 g5 43. Ra8 e4 44. fxe4 Rxe4 45. Kf3 Rb4
46. Rc8 Ke5 47. Ke3 Kf5 48. Kf3 g4+ 49. Kg3 Ke5 50. Rd8 b5 51. Rd7 Rd4 52. Re7+
Kd6 53. Re2 c4 54. bxc4 Rxc4 {remainder illegible} 0-1

[Event "Mechanics' Winter TNM; 30/90, SD/30"]
[Site "San Francisco"]
[Date "2009.02.17"]
[Round "7.4"]
[White "Gaffagan, Steven"]
[Black "Jaffray, John"]
[Result "1/2-1/2"]
[WhiteElo "2037"]
[BlackElo "1977"]
[PlyCount "108"]
[EventDate "2009.??.??"]

1. c4 e5 2. Nc3 Nc6 3. g3 g6 4. Bg2 Bg7 5. d3 Nge7 6. Rb1 d6 7. b4 O-O 8. e3 f5
9. b5 Nb8 10. Nge2 Nd7 11. O-O Nf6 12. Bd2 c6 13. bxc6 bxc6 14. Qa4 Qc7 15. Rb2
Bd7 16. Rfb1 Rab8 17. Qc2 Be6 18. Na4 Nd7 19. d4 Rxb2 20. Rxb2 Rb8 21. Rb3 Rxb3
22. axb3 Qb7 23. dxe5 dxe5 24. Bc3 Qb8 25. Nc1 Qd6 26. Qd2 Qxd2 27. Bxd2 e4 28.
Ne2 c5 29. f3 exf3 30. Bxf3 Ne5 31. Bg2 Nd7 32. Nac3 Nb6 33. Bc1 Nec8 34. Ba3
Bf8 35. Nf4 Bf7 36. Nfd5 Be6 37. Nf4 Bf7 38. Kf2 a5 39. Nd3 a4 40. bxa4 Bxc4
41. Nxc5 Bg7 42. Bb4 Ne7 43. a5 Nbd5 44. Nxd5 Nxd5 45. Bd2 Bf8 46. Ne6 Be7 47.
Nd4 Bc5 48. Bf1 Bxf1 49. Kxf1 Kf7 50. Ke2 Ke7 51. Nb3 Ba7 52. Kd3 Kd6 53. Nd4
Nc7 54. Kc4 Bc5 1/2-1/2

[Event "Mechanics' Fall TNM; 30/90, SD/30"]
[Site "San Francisco"]
[Date "2009.11.03"]
[Round "3.4"]
[White "Gaffagan, Steven"]
[Black "Jelinek, Jules"]
[Result "1-0"]
[WhiteElo "2015"]
[BlackElo "2131"]
[PlyCount "98"]
[EventDate "2009.??.??"]

1. e4 e6 2. d4 d5 3. Nc3 Nf6 4. Bg5 Be7 5. e5 Nfd7 6. Bxe7 Qxe7 7. f4 a6 8. Nf3
c5 9. dxc5 Nc6 10. Bd3 Qxc5 11. Qd2 b5 12. Qf2 Qb4 13. Qd2 Qxb2 14. O-O Qa3 15.
Kh1 Qc5 16. Rae1 Nb6 17. f5 h6 18. Nd1 Bd7 19. Qf4 O-O-O 20. Nd2 Rdg8 21. Nb3
Qa3 22. Qf2 Na4 23. c3 g5 24. Bb1 h5 25. Ne3 g4 26. Nc2 Qe7 27. f6 Qf8 28. Nb4
Nxb4 29. cxb4 Kb8 30. Qf4 Qc8 31. Rc1 Qb7 32. Nc5 Nxc5 33. Rxc5 Rc8 34. Rfc1
Rxc5 35. Rxc5 h4 36. Qxg4 h3 37. Qg7 hxg2+ 38. Kg1 Rc8 39. Qxf7 d4 40. Rxc8+
Qxc8 41. Kxg2 Qc6+ 42. Kf2 Bc8 43. Qh7 Qc3 44. Qd3 Qxb4 45. Kg3 Bb7 46. Kh4
Qe1+ 47. Kg5 Qxe5+ 48. Kg6 Qd6 49. Qg3 e5 {Scorekeeping stopped as both
players had only a few minutes left on their clocks.} 1-0

[Event "Mechanics' Spring TNM; 30/90, SD/30"]
[Site "San Francisco"]
[Date "2009.04.14"]
[Round "5.4"]
[White "Gaffagan, Steven"]
[Black "Leavens, Weston"]
[Result "1/2-1/2"]
[WhiteElo "2029"]
[BlackElo "1782"]
[PlyCount "97"]
[EventDate "2009.??.??"]

1. e4 e6 2. d4 d5 3. e5 c5 4. c3 Qb6 5. Nf3 Nc6 6. a3 c4 7. Nbd2 Na5 8. Be2 Bd7
9. O-O Be7 10. Re1 f6 11. Nf1 Nb3 12. Rb1 Nxc1 13. Qxc1 Nh6 14. b3 cxb3 15.
N1d2 Ba4 16. Nxb3 Bxb3 17. Bd1 O-O 18. Bxb3 Qa6 19. a4 Nf7 20. Qe3 f5 21. Rec1
Rac8 22. Ne1 Rc7 23. Nd3 Ba3 24. Rc2 Rfc8 25. Nf4 Bb4 26. Bxd5 Rxc3 27. Bxe6
Rxc2 28. Bxc8 Bd2 29. Qb3 Qc6 30. g3 Qxc8 31. Qxb7 Bxf4 32. gxf4 Rc7 33. Qxc8+
Rxc8 34. Rb7 Nd8 35. Rxa7 Ne6 36. Kg2 Nxd4 37. a5 Ne6 38. Kg3 Rc7 39. Ra6 Kf7
40. Rd6 Ke7 41. h4 Ra7 42. Rd5 Ra6 43. h5 Nd8 44. Kh4 h6 45. f3 Nb7 46. Rb5
Nxa5 47. Kg3 Ke6 48. Rb8 Ra7 49. Rb6+ 1/2-1/2

[Event "Mechanics' Spring TNM; 30/90, SD/30"]
[Site "San Francisco"]
[Date "2009.03.17"]
[Round "2"]
[White "Gaffagan, Steven"]
[Black "Livschitz, Jennifer"]
[Result "1-0"]
[WhiteElo "2029"]
[BlackElo "1681"]
[PlyCount "93"]
[EventDate "2009.??.??"]

1. c4 e5 2. Nc3 Nf6 3. g3 Bc5 4. Bg2 d6 5. e3 O-O 6. Nge2 c6 7. d4 exd4 8. exd4
Bb6 9. O-O Bf5 10. h3 Re8 11. g4 Bg6 12. Ng3 d5 13. f4 Be4 14. Ncxe4 Nxe4 15.
Bxe4 dxe4 16. Be3 Nd7 17. Qe2 Nf8 18. Rad1 Qc7 19. a3 a5 20. Nh5 Rad8 21. Qf2
Ba7 22. Rd2 f5 23. gxf5 Qf7 24. Ng3 Qxc4 25. Rfd1 Qf7 26. Kh1 Rd6 27. Rg1 Kh8
28. Qg2 Rd7 29. Nxe4 Qd5 30. f6 Qxe4 31. Qxe4 Rxe4 32. Rdg2 g6 33. Rg3 Rf7 34.
f5 Rxf6 35. fxg6 Rxg6 36. Rf3 Rxg1+ 37. Bxg1 Ng6 38. Rf7 Re1 39. Kg2 Re2+ 40.
Kf3 Rxb2 41. Be3 c5 42. Bh6 Rb3+ 43. Ke2 Rxh3 44. Bg7+ Kg8 45. Rxb7 Nf4+ 46.
Kd1 Ne6 47. Be5 {The players stop recording here. Black later bundered
material and lost in a time scramble.} 1-0

[Event "Mechanics' Wilkerson Mem TNM; 30/90, SD"]
[Site "San Francisco"]
[Date "2009.09.15"]
[Round "7.5"]
[White "Gaffagan, Steven"]
[Black "Manvelyan, Hovik"]
[Result "1/2-1/2"]
[WhiteElo "2026"]
[BlackElo "1951"]
[PlyCount "105"]
[EventDate "2009.??.??"]

1. c4 e6 2. Nc3 f5 3. g3 Nf6 4. Bg2 Be7 5. d4 O-O 6. Nf3 d6 7. O-O Qe8 8. Qc2
Qg6 9. b4 Ne4 10. c5 Nc6 11. a3 Bf6 12. e3 Bd7 13. Bb2 Ne7 14. Nd2 d5 15. a4
Nc6 16. Ba3 h5 17. b5 Ne7 18. f3 Ng5 19. Ne2 h4 20. gxh4 Nf7 21. c6 bxc6 22.
bxc6 Bc8 23. Nf4 Qh6 24. h5 Re8 25. Kh1 Bxd4 26. exd4 Qxf4 27. Nb3 Nd6 28. Bc1
Qh4 29. Qf2 Qxf2 30. Rxf2 Nxc6 31. Bf1 Rb8 32. Rc2 Rxb3 33. Rxc6 Rxf3 34. Kg2
Rb3 35. Rxc7 Rb7 36. Rxb7 Bxb7 37. Bf4 Nc4 38. Kf2 Bc6 39. Bxc4 dxc4 40. Be5
Re7 41. a5 a6 42. Ke3 Kh7 43. Kf4 Be4 44. Rg1 c3 45. Ke3 c2 46. Kd2 Rb7 47. h3
Rb1 48. Rxg7+ Kh6 49. Rc7 Rd1+ 50. Ke2 c1=Q 51. Rxc1 Rxc1 52. Bf4+ Kxh5 53.
Bxc1 1/2-1/2

[Event "Mechanics' Spring TNM; 30/90, SD/30"]
[Site "San Francisco"]
[Date "2009.04.28"]
[Round "7.8"]
[White "Gaffagan, Steven"]
[Black "Matz, James"]
[Result "1-0"]
[WhiteElo "2029"]
[BlackElo "1781"]
[PlyCount "53"]
[EventDate "2009.??.??"]

1. Nc3 d5 2. d4 Nf6 3. Bg5 e6 4. e4 dxe4 5. Nxe4 Be7 6. Bxf6 Bxf6 7. Nf3 O-O 8.
Qd2 b6 9. O-O-O Bb7 10. Bd3 Nd7 11. Kb1 c5 12. c3 Be7 13. h4 c4 14. Bc2 Nf6 15.
Nfg5 Nxe4 16. Nxe4 f6 17. Qe2 Qd5 18. Rhe1 Rae8 19. Nd2 b5 20. Be4 Qd7 21. Bxb7
Qxb7 22. Qxe6+ Kh8 23. h5 Qxg2 24. Qd7 Qxf2 25. Rxe7 Rd8 26. Qg4 b4 27. Qxg7#
1-0

[Event "Mechanics' Winter TNM; 30/90, SD/30"]
[Site "San Francisco"]
[Date "2009.01.06"]
[Round "1.7"]
[White "Gaffagan, Steven"]
[Black "Milliken, William"]
[Result "1/2-1/2"]
[WhiteElo "2037"]
[BlackElo "1657"]
[PlyCount "66"]
[EventDate "2009.??.??"]

1. e4 e5 2. Nf3 Nc6 3. Bb5 f5 4. Nc3 fxe4 5. Nxe4 d5 6. Nxe5 dxe4 7. Nxc6 Qg5
8. Qe2 Nf6 9. f4 Qxf4 10. d4 Qh4+ 11. g3 Qh3 12. Ne5+ c6 13. Bc4 Be6 14. Bg5
O-O-O 15. O-O-O Bd6 16. Bxe6+ Qxe6 17. Qc4 Rhe8 18. Qxe6+ Rxe6 19. Rhf1 Rf8 20.
Nc4 Kc7 21. Bf4 Bxf4+ 22. Rxf4 Rfe8 23. Rdf1 R8e7 24. Kd2 Rd7 25. c3 c5 26. Ne5
Rd8 27. Nf7 Rd7 28. Ng5 Re8 29. Rc1 h6 30. Nh3 Kb6 31. Ke2 cxd4 32. cxd4 Rxd4
33. Rf5 Red8 1/2-1/2

[Event "Mechanics' Fall TNM; 30/90, SD/30"]
[Site "San Francisco"]
[Date "2009.10.20"]
[Round "1.11"]
[White "Gaffagan, Steven"]
[Black "Olson, David"]
[Result "1-0"]
[WhiteElo "2015"]
[BlackElo "1641"]
[PlyCount "41"]
[EventDate "2009.??.??"]

1. e4 e5 2. Nf3 d6 3. Bc4 Nf6 4. Nc3 c6 5. Bb3 Bg4 6. d4 exd4 7. Qxd4 Bxf3 8.
gxf3 Nbd7 9. f4 Qe7 10. f3 Nc5 11. Be3 O-O-O 12. O-O-O g6 13. Rhe1 Bg7 14. e5
Nxb3+ 15. axb3 dxe5 16. Qxa7 Nd7 17. Ne4 Kc7 18. Nc5 Nxc5 19. Bxc5 Rxd1+ 20.
Rxd1 Qe8 21. Bb6+ 1-0

[Event "Mechanics' Wilkerson Mem TNM; 30/90, SD"]
[Site "San Francisco"]
[Date "2009.08.11"]
[Round "2.8"]
[White "Gaffagan, Steven"]
[Black "Periwal, Prashant"]
[Result "1-0"]
[WhiteElo "2026"]
[BlackElo "1888"]
[PlyCount "97"]
[EventDate "2009.??.??"]

1. Nf3 c5 2. c4 Nc6 3. g3 e5 4. Nc3 f5 5. d3 Nf6 6. Bg2 g6 7. a3 Be7 8. Rb1 d5
9. O-O a5 10. e3 g5 11. Ne1 Be6 12. Nxd5 Rb8 13. Nc2 Qc7 14. b4 axb4 15. axb4
Kf7 16. d4 Bxd5 17. cxd5 Nxb4 18. Nxb4 cxb4 19. Bb2 e4 20. f3 exf3 21. Bxf3 g4
22. Bg2 Kg6 23. Qd3 Rhf8 24. Bc1 Rf7 25. Rxb4 h5 26. Rb2 Re8 27. Rf4 Ng8 28.
Rf1 Bg5 29. Rbf2 Nh6 30. Bd2 Kg7 31. Rb1 Qe7 32. Rb3 h4 33. Rf1 h3 34. Bh1 Rc8
35. Rfb1 Ra8 {draw offer} 36. Rb6 Rff8 37. Rf1 Rfe8 {draw offer} 38. Re1 Qc7
39. Rbb1 Rad8 40. e4 fxe4 41. Rxe4 Bxd2 42. Qxd2 Kh7 43. Re6 Qg7 44. Be4+ Kg8
45. Rg6 Rxe4 46. Rxg7+ Kxg7 47. Qg5+ Kf8 48. Qxh6+ Kg8 49. Qg6+ 1-0

[Event "Mechanics' Fall TNM; 30/90, SD/30"]
[Site "San Francisco"]
[Date "2009.12.01"]
[Round "7.6"]
[White "Gaffagan, Steven"]
[Black "Sanguinetti, George"]
[Result "1/2-1/2"]
[WhiteElo "2015"]
[BlackElo "1922"]
[PlyCount "97"]
[EventDate "2009.??.??"]

1. Nf3 f5 2. c4 g6 3. h4 Nf6 4. b3 d6 5. d4 e6 6. Bb2 Nbd7 7. Qc2 b6 8. Nbd2
Bb7 9. e3 Qe7 10. a4 Bg7 11. a5 O-O 12. a6 Bxf3 13. gxf3 c5 14. d5 exd5 15.
cxd5 Ne5 16. f4 Neg4 17. Be2 Rfe8 18. Rh3 h5 19. Nf1 Rab8 20. Bb5 Rec8 21.
O-O-O Qe4 22. Bxf6 Qxc2+ 23. Kxc2 Bxf6 24. Rd2 Be7 25. Nh2 Nf6 26. f3 Kf7 27.
Rg3 Rg8 28. Nf1 Ne8 29. Rh3 Nc7 30. Bc6 Nxa6 31. Kd1 Nc7 32. Ra2 a6 33. e4 Bf6
34. Re2 b5 35. Ne3 fxe4 36. fxe4 Bd4 37. Nc2 Bg7 38. e5 Ke7 39. Rhe3 Rbd8 40.
exd6+ Kxd6 41. Re7 Bf8 42. R7e5 Rg7 43. f5 Re7 44. Rxe7 Bxe7 45. fxg6 Bxh4 46.
Rh2 Bf6 47. Rxh5 Rg8 48. Rh7 Rg7 49. Ne3 1/2-1/2

[Event "Mechanics' Spring TNM; 30/90, SD/30"]
[Site "San Francisco"]
[Date "2009.03.31"]
[Round "3.1"]
[White "Gaffagan, Steven"]
[Black "Shakhnazarov, Oleg"]
[Result "0-1"]
[WhiteElo "2029"]
[BlackElo "2178"]
[PlyCount "72"]
[EventDate "2009.??.??"]

1. e4 e5 2. Nf3 Nc6 3. Bb5 a6 4. Ba4 Nf6 5. O-O Be7 6. Re1 b5 7. Bb3 d6 8. c3
O-O 9. h3 Na5 10. Bc2 d5 11. d3 Nc6 12. Qe2 d4 13. Nbd2 Be6 14. Nb3 a5 15. cxd4
exd4 16. a4 Rb8 17. Ng5 Bc8 18. Nf3 Re8 19. Bg5 h6 20. Bh4 Be6 21. e5 Nd5 22.
Bxe7 Ndxe7 23. Nc5 Bd5 24. axb5 Rxb5 25. Ne4 Rxb2 26. Reb1 Rxb1+ 27. Rxb1 Ng6
28. Ba4 Re7 29. Qb2 Nf4 30. Qc2 Nb4 31. Qd1 Nfxd3 32. Ng3 Bxf3 33. Qxf3 Nxe5
34. Qf5 c5 35. f4 g6 36. Qe4 Nc4 0-1

[Event "Mechanics' Wilkerson Mem TNM; 30/90, SD"]
[Site "San Francisco"]
[Date "2009.09.01"]
[Round "5.4"]
[White "Gaffagan, Steven"]
[Black "Shin, Kyle"]
[Result "1/2-1/2"]
[WhiteElo "2026"]
[BlackElo "1956"]
[PlyCount "89"]
[EventDate "2009.??.??"]

1. e4 e5 2. Nf3 Nf6 3. Nxe5 d6 4. Nf3 Nxe4 5. Nc3 Nxc3 6. dxc3 Be7 7. Bf4 Nc6
8. Qd2 Bg4 9. Be2 Qd7 10. O-O-O a6 11. Rhe1 b5 12. h3 Be6 13. Nd4 Nxd4 14. Qxd4
O-O 15. Bd3 Bf6 16. Qe4 g6 17. Kb1 d5 18. Qf3 c5 19. Bh6 Bg7 20. Bxg7 Kxg7 21.
Qf4 Qe7 22. h4 c4 23. Be2 Rab8 24. h5 h6 25. Bf3 gxh5 26. Bxd5 Qg5 27. Qd4+ Kg8
28. Rxe6 fxe6 29. Bxe6+ Kh7 30. Qe4+ Kg7 31. Rd7+ Kf6 32. Rd5 Rbd8 33. Rf5+
Qxf5 34. Qxf5+ Ke7 35. Qh7+ Kxe6 36. Qxh6+ Rf6 37. Qe3+ Kf7 38. a4 Rd5 39. a5
Rdf5 40. f3 Re6 41. Qa7+ Kf6 42. Ka2 Rd5 43. Qf2 Red6 44. Qh4+ Kg6 45. g4
1/2-1/2

[Event "Mechanics' Fall TNM; 30/90, SD/30"]
[Site "San Francisco"]
[Date "2009.11.17"]
[Round "5.4"]
[White "Gaffagan, Steven"]
[Black "Todortsev, Victor"]
[Result "1-0"]
[WhiteElo "2015"]
[BlackElo "1960"]
[PlyCount "97"]
[EventDate "2009.??.??"]

1. c4 c5 2. Nf3 Nf6 3. Nc3 g6 4. d4 cxd4 5. Nxd4 Nc6 6. Nxc6 bxc6 7. g3 Bg7 8.
Bg2 O-O 9. O-O Rb8 10. Rb1 Qc7 11. Bf4 e5 12. Bg5 d6 13. Qd2 Bf5 14. Rbc1 Rfd8
15. b3 Qd7 16. Rfd1 Bh3 17. Bxh3 Qxh3 18. Bxf6 Bxf6 19. Qe3 Rb6 20. c5 Rb4 21.
Rxd6 Rxd6 22. cxd6 Rd4 23. Qf3 Kg7 24. Ne4 Bd8 25. e3 Rd3 26. Qe2 Rd5 27. Rxc6
Qd7 28. Rc1 f5 29. Qc4 Ra5 30. Nc5 Qxd6 31. Nb7 Qd2 32. Nxa5 Bxa5 33. a3 Bb6
34. b4 Kh6 35. Qh4+ Kg7 36. Qc4 Kh6 37. a4 e4 38. Qc3 Qe2 39. a5 Bd8 40. Qe1
Qb2 41. Qc3 Qe2 42. Qc2 Qb5 43. Qc4 Qa4 44. Qc5 Bf6 45. h4 Qa3 46. Qc4 a6 47.
Rb1 Be5 48. Qb3 Qxb3 49. Rxb3 1-0

[Event "Mechanics' Fall TNM; 30/90, SD/30"]
[Site "San Francisco"]
[Date "2009.12.15"]
[Round "9.6"]
[White "Gaffagan, Steven"]
[Black "Traub, Igor"]
[Result "0-1"]
[WhiteElo "2015"]
[BlackElo "2074"]
[Annotator "Donaldson"]
[PlyCount "79"]
[EventDate "2009.??.??"]

1. c4 Nf6 2. Nc3 g6 3. e4 d6 4. d4 Bg7 5. Nf3 Nbd7 6. Be2 O-O 7. O-O e5 8. Bg5
h6 9. Bh4 Re8 10. d5 g5 11. Bg3 Nc5 12. Nd2 Nfxe4 13. Ndxe4 Nxe4 14. Nxe4 f5
15. Nc3 f4 16. Ne4 Bf5 17. Bd3 a5 18. h3 fxg3 19. fxg3 Bg6 20. Qe2 Rf8 21. b3
c6 22. Qe3 Qe7 23. Rad1 Rxf1+ 24. Rxf1 cxd5 25. cxd5 Rc8 26. Rc1 Rxc1+ 27. Qxc1
Bf7 28. Qc8+ Bf8 29. Qf5 Bg7 30. Qc8+ Bf8 31. Qc4 Kg7 32. g4 b5 33. Qxb5 Qa7+
34. Kh2 Qd4 35. Ng3 Qf4 36. Qc4 Kf6 37. Qe4 Ke7 38. Qc4 Kd8 39. Bf5 Qxc4 40.
bxc4 {White has a winning position but lost on a blunder in time pressure. The
scoresheets stop here.} 0-1

[Event "Mechanics' Summer TNM; 30/90, SD/30"]
[Site "San Francisco"]
[Date "2009.06.09"]
[Round "3.13"]
[White "Goins, Demetrius"]
[Black "Dembling, Arthur"]
[Result "1-0"]
[WhiteElo "2001"]
[BlackElo "1711"]
[PlyCount "73"]
[EventDate "2009.??.??"]

1. d4 Nf6 2. Nf3 e6 3. c4 b6 4. Nc3 Bb4 5. Bg5 Bb7 6. e3 Bxc3+ 7. bxc3 d6 8. a4
Nbd7 9. a5 h6 10. Bh4 Rb8 11. Bd3 Nf8 12. O-O Ng6 13. Bxg6 fxg6 14. Nd2 g5 15.
Bg3 O-O 16. Qc2 Qe7 17. axb6 axb6 18. Ra7 e5 19. Qb3 Bc6 20. Rfa1 Ra8 21. c5+
Bd5 22. c4 Rxa7 23. Rxa7 Ra8 24. cxb6 Rxa7 25. bxa7 Ba8 26. dxe5 dxe5 27. Qb8+
Qe8 28. Bxe5 Kf7 29. Qxc7+ Kg6 30. Bd4 Qa4 31. Nf1 Qd1 32. Qb8 Be4 33. a8=Q Bd3
34. h3 Bxf1 35. Kh2 g4 36. Bxf6 Kxf6 37. Qf8+ 1-0